000 00664pam a2200229 a 4500
001 3351485
005 20180809075034.0
008 860617s1986 nyua b 001 0 eng c
010 _a 86017146
020 _a0443083215
040 _aDNLM/DLC
_cDLC
_dDLC
041 _aeng
060 _aW1 CL831AI v. 10 /
_aWS 290 C2675
080 _a618.92 SWE
082 0 0 _a618.92 SWE
_219
100 _a8
101 _aPED
245 0 0 _aCardiovascular problems in pediatric critical care /
_cedited by David B. Swedlow, Russell C. Raphaely.
504 _aIncludes bibliographies and index.
906 _a7
_bcbc
_corignew
_d1
_eocip
_f19
_gy-gencatlg
942 _2ddc
_cBK
999 _c46976
_d46976